Open Innovations and the Use of Artificial Intelligence as Tools to Increase Competitiveness

Uložené v:
Podrobná bibliografia
Hlavný autor: Kalamen, Kristián, 1996-
Ďalší autori: Pollák, František, 1985-, Markovič, Peter, 1974-, Ruschak, Michal, Dzilská, Zuzana, 1994-
Médium: Kapitola
Jazyk:English
Predmet:
Tagy: Pridať tag
Žiadne tagy, Buďte prvý, kto otaguje tento záznam!

MARC

LEADER 00000naa$a2200000$$$4500
001 0305462
005 20250130110351.4
041 0 |a eng 
044 |a AZ 
245 1 0 |a Open Innovations and the Use of Artificial Intelligence as Tools to Increase Competitiveness  |c Kristián Kalamen, František Pollák, Peter Markovič, Michal Ruschak, Zuzana Dzilská 
500 |a Abstrakt 
610 2 0 |a inteligencia umelá 
610 2 0 |a inovácie technologické 
610 2 0 |a konkurencieschopnosť 
610 2 0 |a výskum 
100 1 |a Kalamen, Kristián, 1996- 
700 1 |a Pollák, František, 1985- 
700 1 |a Markovič, Peter, 1974- 
700 1 |a Ruschak, Michal 
700 1 |a Dzilská, Zuzana, 1994-